UBT Library

Cut your energy bills now : (Record no. 44728)

000 -LEADER
fixed length control field 00955cam a2200253 a 4500
001 - CONTROL NUMBER
control field 15386648
005 - DATE AND TIME OF LATEST TRANSACTION
control field 20180312080325.0
008 - FIXED-LENGTH DATA ELEMENTS--GENERAL INFORMATION
fixed length control field 080729s2008 ctua bf 001 0 eng
010 ## - LIBRARY OF CONGRESS CONTROL NUMBER
LC control number 2008033594
020 ## - INTERNATIONAL STANDARD BOOK NUMBER
International Standard Book Number 9781600850707 (alk. paper)
020 ## - INTERNATIONAL STANDARD BOOK NUMBER
International Standard Book Number 1600850707 (alk. paper)
035 ## - SYSTEM CONTROL NUMBER
System control number (OCoLC)ocn216937521
040 ## - CATALOGING SOURCE
Original cataloging agency DLC
Transcribing agency DLC
Modifying agency YDX
-- BTCTA
-- BAKER
-- YDXCP
-- ZS3
-- VP@
-- QBX
-- CQU
-- B@L
-- DLC
041 ## - LANGUAGE CODE
Language code of text/sound track or separate title eng
080 ## - UNIVERSAL DECIMAL CLASSIFICATION NUMBER
Universal Decimal Classification number 644 BRU
082 00 - DEWEY DECIMAL CLASSIFICATION NUMBER
Classification number 644 BRU
Edition number 22
100 1# - Rafti
Rafti 27
101 ## - Shkurtesa
Shkurtesa MEC
245 10 - TITLE STATEMENT
Title Cut your energy bills now :
Statement of responsibility, etc Bruce Harley.
504 ## - BIBLIOGRAPHY, ETC. NOTE
Bibliography, etc Includes bibliographical references (p. 116-119) and index.
906 ## - LOCAL DATA ELEMENT F, LDF (RLIN)
a 7
b cbc
c orignew
d 1
e ecip
f 20
g y-gencatlg
942 ## - ADDED ENTRY ELEMENTS (KOHA)
Source of classification or shelving scheme
Item type Books
Holdings
Withdrawn status Lost status Source of classification or shelving scheme Damaged status Not for loan Collection code Permanent location Current location Shelving location Date acquired Total Checkouts Full call number Barcode Date last seen Price effective from Koha item type
          Koleksioni i përgjithshem UBT - Lipjan UBT - Lipjan Koleksioni i përgjithshem 03/12/2018   644 BRU 002-3001381 03/12/2018 03/12/2018 Books
UBT Library © 2015-2024. All rights reserved University Education for Business and Technology